Normal view
MARC view
- Concise guide to software testing
Entry Topical Term
001 - CONTROL NUMBER
- control field: 113912
003 - CONTROL NUMBER IDENTIFIER
- control field: NUST
005 - DATE AND TIME OF LATEST TRANSACTION
- control field: 20230802162635.0
008 - FIXED-LENGTH DATA ELEMENTS
- fixed length control field: 230802|| aca||aabn | a|a d
040 ## - CATALOGING SOURCE
- Original cataloging agency: NUST
- Transcribing agency: NUST
150 ## - HEADING--TOPICAL TERM
- Topical term or geographic name entry element: Concise guide to software testing
670 ## - SOURCE DATA FOUND
- Source citation: Work cat.: (NUST): O'Regan, Gerard 113911, Concise guide to software testing, 2019.
